| 000 | 00436nam a2200145 4500 | ||
|---|---|---|---|
| 001 | 3602 | ||
| 005 | 20181127171606.0 | ||
| 020 | 0 | 0 | _a0861710568 |
| 090 | 0 | 0 | _a954.98 W7291m 1987 |
| 100 | 0 | 0 | _aWilliamson, Margaret D. |
| 245 | 0 | 0 |
_aMemoirs of a political officer's wife in Tibet, Sikkim and Bhutan / _b _cMargaret D. Williamson. _h |
| 260 | 0 | 0 |
_aLondon : _bWisdom Publications, _c1987. |
| 300 | 0 | 0 | _a240 p. : 21 cm. |
| 650 | 0 | 0 |
_aBhutan --History. _x |
| 999 |
_c2934 _d2934 |
||